Výslužka obrovské, 90-tisíceurové odstupné manažérom v košickej teplárni, paradoxne, vybojovali odborári

Bibliographic Details
Format: Article
Language:Slovak
PhysicalDescription:Fotogr.
ISSN:1210-4040
Subjects:

MARC

LEADER 00000nab a2200000 a 4500
001 vtls010263438
003 SK-MaSNL
005 20260304213424.0
008 171108c2011 xo wrzp 0 0slo
038 |a RVGKPD 
040 |a RVGKPD  |b slo  |c RVGKPD  |e AACR2 
041 0 |a slo 
044 |a xo  |c SK 
080 |a 697.34  |2 1997 
245 0 0 |a Výslužka  |b obrovské, 90-tisíceurové odstupné manažérom v košickej teplárni, paradoxne, vybojovali odborári  |c [autor] (ip, šin) 
300 |b Fotogr. 
610 2 7 |a TEKO (Košice, Slovensko)  |2 rvgkpd  |9 29789 
650 0 7 |a odstupné  |2 rvgkpd  |9 662955 
651 7 |a teplárne  |2 rvgkpd  |9 1546345 
651 7 |a Košice (Slovensko)  |2 rvgkpd  |9 18694 
773 0 |t Plus 7 dní  |g Roč. XX, č. 7 (2011), s. 117  |x 1210-4040 
852 |a RVGKPD  |b KIS3G 
992 |a RBX 
999 |c 3135877  |d 3137807